=LDR 00000nam 2200000 4500 =001 INLIS000000000012114 =005 20130612103644 =008 ***********************************Ind** =035 ##$$0010-061300000012114 =041 ##$$a Ind =082 ##$$a 581.6 =090 ##$$a 581.6, Sur. b =100 ##$$a Suranto Hatta =245 ##$$a Budi daya petai dan aspek ekonominya, Hatta Sunarto =260 ##$$a 1993 $b Yogyakarta =300 ##$$a 40 hlm., Ilus, 21 cm =650 ##$$a Petai =850 ##$$a NBPNMAT